[Event "GER-ch Net Amateur Gr-B Vor3"]
[Site "Playchess.com INT"]
[Date "2020.04.16"]
[Round "1"]
[White "Czarnik, Jozef"]
[Black "Bieler, Janek"]
[Result "0-1"]
[WhiteElo "1592"]
[BlackElo "1783"]
[PlyCount "118"]
[EventDate "2020.04.16"]
[EventType "swiss (blitz)"]
[EventRounds "9"]
[EventCountry "GER"]
[SourceTitle "CBM 195 Extra"]
[Source "ChessBase"]
[SourceDate "2020.05.31"]
[SourceVersion "1"]
[SourceVersionDate "2020.05.31"]
[SourceQuality "1"]

1. d4 c6 2. e4 d5 3. Nc3 dxe4 4. Nxe4 Nf6 5. Nxf6+ exf6 6. c3 Be6 7. Bd3 Bd6 8. Ne2 0-0 9. 0-0 Nd7 10. Ng3 Qc7 11. Re1 c5 12. d5 Bxd5 13. Bxh7+ Kxh7 14. Qxd5 Bxg3 15. hxg3 Nb6 16. Qh5+ Kg8 17. Bf4 Qc6 18. Kh2 Rfe8 19. Rh1 Qd5 20. Qh3 Kf8 21. Kg1 Re6 22. Qh8+ Ke7 23. Qxg7 Rd8 24. Rf1 Nc4 25. Rh7 Re2 26. Rh6 Qe6 27. Be3 Nxe3 28. fxe3 Rd6 29. Rhxf6 Qxe3+ 30. Kh2 Rxf6 31. Rxf6 Kd7 32. Qxf7+ Qe7 33. Qxe7+ Kxe7 34. Rf4 Rxb2 35. Rc4 b6 36. a4 Rf2 37. g4 Rf7 38. Kg3 Kd6 39. Rf4 Rh7 40. g5 Ke5 41. g6 Rg7 42. Rg4 Kf5 43. Rf4+ Ke5 44. Rf7 Rxg6+ 45. Kf3 a5 46. g4 Kd5 47. Rf4 Kc6 48. Ke4 b5 49. axb5+ Kxb5 50. Kf5 Rg8 51. g5 a4 52. g6 a3 53. Ke6 Rxg6+ 54. Kf5 Ra6 55. Rf1 a2 56. Ra1 Kc4 57. Ke5 Kxc3 58. Kd5 c4 59. Kc5 Kb2 0-1

[Event "GER-ch Net Amateur Gr-B Vor2"]
[Site "Playchess.com INT"]
[Date "2020.04.15"]
[Round "1"]
[White "Czarnik, Jozef"]
[Black "Heutling, Elina"]
[Result "0-1"]
[WhiteElo "1564"]
[BlackElo "1729"]
[PlyCount "88"]
[EventDate "2020.04.15"]
[EventType "swiss (blitz)"]
[EventRounds "9"]
[EventCountry "GER"]
[SourceTitle "CBM 196 Extra"]
[Source "ChessBase"]
[SourceDate "2020.07.31"]
[SourceVersion "1"]
[SourceVersionDate "2020.07.31"]
[SourceQuality "1"]

1. d4 Nf6 2. Nc3 d5 3. Bg5 h6 4. Bh4 g5 5. Bg3 Bg7 6. e3 c6 7. Nf3 Qa5 8. Bd3 Ne4 9. Bxe4 dxe4 10. Nd2 f5 11. Nb3 Qd8 12. Qh5+ Kf8 13. 0-0-0 Qe8 14. Qxe8+ Kxe8 15. f3 exf3 16. gxf3 Kf7 17. h4 Be6 18. hxg5 hxg5 19. Rxh8 Bxh8 20. e4 f4 21. Bf2 Bxb3 22. axb3 Nd7 23. Rg1 Kf6 24. e5+ Kf5 25. Ne4 Rg8 26. c3 Bxe5 27. dxe5 Nxe5 28. Nc5 b6 29. Bd4 bxc5 30. Bxe5 Kxe5 31. Kd2 Kf5 32. c4 Rd8+ 33. Ke2 Rb8 34. Ra1 Rxb3 35. Rxa7 Rxb2+ 36. Kd3 Rf2 37. Rxe7 Rxf3+ 38. Ke2 g4 39. Rf7+ Ke6 40. Rg7 Re3+ 41. Kf2 g3+ 42. Kf1 Kf5 43. Rg8 Ke4 44. Re8+ Kf3 0-1

[Event "Ruhrgebiet Verbandsklasse Gruppe 1 1819"]
[Site "Nordrheinwestfalen"]
[Date "2018.09.23"]
[Round "1.1"]
[White "Czarnik, Jozef"]
[Black "Leveikina, Jevgenija"]
[Result "1/2-1/2"]
[WhiteElo "1888"]
[BlackElo "2035"]
[PlyCount "47"]
[EventDate "2018.09.23"]
[EventType "team-tourn"]
[EventRounds "9"]
[EventCountry "GER"]
[SourceTitle "EXT 2022"]
[Source "ChessBase"]
[SourceDate "2021.10.06"]
[SourceVersion "1"]
[SourceVersionDate "2021.10.06"]
[SourceQuality "1"]
[WhiteTeam "Haltern"]
[BlackTeam "Wattenscheid SV III"]
[WhiteTeamCountry "GER"]
[BlackTeamCountry "GER"]

1. e4 c6 2. d4 d5 3. Nc3 dxe4 4. Nxe4 Bf5 5. Ng3 Bg6 6. Nh3 Nf6 7. Nf4 e5 8. Nxg6 hxg6 9. Be3 Nbd7 10. Bc4 exd4 11. Bxd4 Qe7+ 12. Qe2 Qxe2+ 13. Nxe2 b5 14. Bd3 Nc5 15. 0-0-0 0-0-0 16. h3 Kb7 17. Rhe1 Rh5 18. Bxc5 Bxc5 19. Nf4 Rh4 20. g3 Rhh8 21. Bf1 Rxd1+ 22. Kxd1 Rd8+ 23. Nd3 Rd7 24. Kc1 1/2-1/2

[Event "Pobeskydy op"]
[Site "Frydek Mistek"]
[Date "2014.04.19"]
[Round "5"]
[White "Kratochvil, Vit"]
[Black "Czarnik, Jozef"]
[Result "1-0"]
[WhiteElo "2050"]
[BlackElo "2003"]
[PlyCount "75"]
[EventDate "2014.04.17"]
[EventType "swiss"]
[EventRounds "9"]
[EventCountry "CZE"]
[SourceTitle "CBM 159 Extra"]
[Source "ChessBase"]
[SourceDate "2014.04.24"]
[SourceVersion "1"]
[SourceVersionDate "2014.04.24"]
[SourceQuality "1"]

1. e4 e5 2. Nf3 Nf6 3. Nxe5 d6 4. Nf3 Nxe4 5. Nc3 Nxc3 6. dxc3 Be7 7. Bf4 0-0 8. Qd2 Nd7 9. 0-0-0 Nc5 10. Bd3 Nxd3+ 11. Qxd3 Bf6 12. h4 Qd7 13. Bg5 Qf5 14. Qxf5 Bxf5 15. Bxf6 gxf6 16. Rd4 Be6 17. Rf4 Kg7 18. Nd4 c6 19. Re1 Rfe8 20. Rfe4 d5 21. Nxe6+ fxe6 22. Rxe6 Rxe6 23. Rxe6 Kf7 24. Re3 Rg8 25. g3 Rg7 26. Kd2 Kg6 27. Ke2 f5 28. Re8 Kf6 29. Kf3 a6 30. Ke3 Rg4 31. Rb8 Re4+ 32. Kf3 Re7 33. Rf8+ Kg6 34. Rd8 Kf6 35. Rd6+ Ke5 36. Rh6 Rg7 37. Ke3 c5 38. f4# 1-0

[Event "Ruhrgebiet VK3 0910"]
[Site "Ruhrgebiet"]
[Date "2009.11.08"]
[Round "3.4"]
[White "Czarnik, Jozef"]
[Black "Ball, Joerg"]
[Result "1-0"]
[WhiteElo "2032"]
[BlackElo "2047"]
[PlyCount "103"]
[EventDate "2009.09.06"]
[EventType "team"]
[EventRounds "9"]
[EventCountry "GER"]
[SourceTitle "EXT 2011"]
[Source "ChessBase"]
[SourceDate "2010.11.26"]
[SourceVersion "1"]
[SourceVersionDate "2010.11.26"]
[SourceQuality "1"]
[WhiteTeam "Haltern"]
[BlackTeam "Listiger Bauer"]
[WhiteTeamCountry "GER"]
[BlackTeamCountry "GER"]

1. e4 e6 2. d4 d5 3. Nc3 Nf6 4. Bg5 Be7 5. e5 Nfd7 6. Bxe7 Qxe7 7. f4 0-0 8. Nf3 c5 9. Nb5 Nc6 10. Bd3 f5 11. Ng5 Nxd4 12. Nxd4 cxd4 13. Qh5 h6 14. Nf3 Qb4+ 15. Ke2 Nc5 16. Rad1 Qxb2 17. Kf1 Nxd3 18. cxd3 Qxa2 19. Rg1 Bd7 20. g4 fxg4 21. Rxg4 Rac8 22. Qxh6 Rf7 23. Qg6 Rc2 24. Ng5 Rf2+ 25. Kg1 R2xf4 26. Rg2 Qa3 27. Qh7+ Kf8 28. Qh8+ Ke7 29. Nxf7 Rxf7 30. Rxg7 Rxg7+ 31. Qxg7+ Kd8 32. Qg5+ Kc7 33. h4 Qb3 34. Rc1+ Bc6 35. Qe7+ Kb6 36. Qc5+ Kc7 37. Qxd4 Qa3 38. Rf1 Qe7 39. Rf6 a5 40. Qf2 Bd7 41. Rf7 Qb4 42. d4 a4 43. Qe3 b5 44. h5 a3 45. Rf3 Qb1+ 46. Rf1 a2 47. Qc1+ Qxc1 48. Rxc1+ Kb6 49. h6 b4 50. h7 b3 51. h8Q Bb5 52. Qh2 1-0

[Event "Guben op 11th"]
[Site "Guben"]
[Date "2008.01.07"]
[Round "8"]
[White "Rossen, Claus"]
[Black "Czarnik, Jozef"]
[Result "1-0"]
[WhiteElo "2215"]
[BlackElo "2027"]
[PlyCount "95"]
[EventDate "2008.01.02"]
[EventType "swiss"]
[EventRounds "9"]
[EventCountry "GER"]
[SourceTitle "CBM 122 Extra"]
[Source "ChessBase"]
[SourceDate "2008.03.04"]
[SourceVersion "1"]
[SourceVersionDate "2008.03.04"]
[SourceQuality "1"]

1. d4 d5 2. Nf3 Nd7 3. Nc3 Ngf6 4. Bg5 c6 5. e3 g6 6. Bd3 Bg7 7. 0-0 0-0 8. e4 dxe4 9. Nxe4 Nxe4 10. Bxe4 Nf6 11. Bd3 Bg4 12. c3 Qa5 13. Bf4 Nh5 14. Be3 e5 15. dxe5 Bxe5 16. h3 Bxf3 17. Qxf3 Rad8 18. Bc4 Qc7 19. Bg5 Rd7 20. Rad1 Rxd1 21. Rxd1 b5 22. Bb3 Kg7 23. g3 h6 24. Bc1 Nf6 25. Qe3 Ng8 26. Kg2 Kh7 27. Rd3 Bg7 28. Qc5 Nf6 29. Bf4 Qb7 30. Bd1 Rc8 31. Bf3 Bf8 32. Qd4 Be7 33. Qe5 Re8 34. Be3 a5 35. Qf4 g5 36. Qf5+ Kg7 37. h4 gxh4 38. Qf4 h3+ 39. Kxh3 Qc8+ 40. Kg2 Rh8 41. Bd4 Rd8 42. Rd1 c5 43. Rh1 Rh8 44. Be5 Kg6 45. Be4+ Nxe4 46. Qxe4+ f5 47. Qf3 Qa8 48. Bxh8 1-0

[Event "Pobeskydy Radegast 17th"]
[Site "Frydek Mistek"]
[Date "2006.04.15"]
[Round "6"]
[White "Snorek, Milan"]
[Black "Czarnik, Jozef"]
[Result "1-0"]
[WhiteElo "2129"]
[BlackElo "2041"]
[PlyCount "67"]
[EventDate "2006.04.13"]
[EventType "swiss"]
[EventRounds "9"]
[EventCountry "CZE"]
[SourceTitle "CBM 111 Extra"]
[Source "ChessBase"]
[SourceDate "2006.05.09"]
[SourceVersion "1"]
[SourceVersionDate "2006.05.09"]
[SourceQuality "1"]

1. d4 d5 2. c4 c6 3. Nf3 Nd7 4. Nc3 e6 5. cxd5 exd5 6. Bg5 Be7 7. Bxe7 Qxe7 8. e3 Ngf6 9. Bd3 0-0 10. 0-0 Re8 11. Qc2 Ne4 12. b4 Qxb4 13. Bxe4 dxe4 14. Nxe4 Qe7 15. Ned2 c5 16. Rfe1 b6 17. d5 Ne5 18. Nxe5 Qxe5 19. e4 Bb7 20. Nc4 Qg5 21. Nd6 Re7 22. Rad1 Rd8 23. Nf5 Red7 24. Re3 g6 25. Qc3 f6 26. Rg3 Qh5 27. f3 Rf8 28. h4 Kf7 29. Rg5 fxg5 30. g4 gxf5 31. gxh5 fxe4 32. fxe4 gxh4 33. Rf1+ Ke8 34. Qe5+ 1-0

[Event "Pobeskydy Radegast 17th"]
[Site "Frydek Mistek"]
[Date "2006.04.14"]
[Round "3"]
[White "Czarnik, Jozef"]
[Black "Mareckova, Martina"]
[Result "0-1"]
[WhiteElo "2041"]
[BlackElo "1840"]
[PlyCount "68"]
[EventDate "2006.04.13"]
[EventType "swiss"]
[EventRounds "9"]
[EventCountry "CZE"]
[SourceTitle "CBM 111 Extra"]
[Source "ChessBase"]
[SourceDate "2006.05.09"]
[SourceVersion "1"]
[SourceVersionDate "2006.05.09"]
[SourceQuality "1"]

1. d4 Nf6 2. Nc3 g6 3. e4 d6 4. Be3 Bg7 5. f3 Nbd7 6. Qd2 0-0 7. Bh6 e5 8. Bxg7 Kxg7 9. 0-0-0 c5 10. d5 a6 11. g4 b5 12. h4 Nb6 13. h5 Qc7 14. hxg6 fxg6 15. Qh6+ Kg8 16. Nce2 b4 17. Ng3 c4 18. N1e2 a5 19. c3 Na4 20. Qd2 Rb8 21. Qe3 Qb7 22. Rd2 bxc3 23. Nxc3 Nxb2 24. Rhh2 Na4 25. Rc2 Bd7 26. g5 Nxc3 27. Qxc3 Qb1+ 28. Kd2 Ba4 29. gxf6 Bxc2 30. Ke3 Bd3 31. Bh3 Qg1+ 32. Rf2 Qxg3 33. Be6+ Kh8 34. f7 Qf4# 0-1

[Event "Chojnice op-A"]
[Site "Chojnice"]
[Date "2005.07.22"]
[Round "9"]
[White "Czarnik, Jozef"]
[Black "Kuzmicz, Krystian"]
[Result "0-1"]
[WhiteElo "2070"]
[BlackElo "2357"]
[PlyCount "86"]
[EventDate "2005.07.16"]
[EventType "swiss"]
[EventRounds "9"]
[EventCountry "POL"]
[SourceTitle "CBM 107 Extra"]
[Source "ChessBase"]
[SourceDate "2005.09.01"]
[SourceVersion "1"]
[SourceVersionDate "2005.09.01"]
[SourceQuality "1"]

1. e4 c5 2. b3 e5 3. Bb2 d6 4. Nf3 g6 5. Nc3 Bg7 6. Bc4 Nc6 7. Nd5 Nge7 8. 0-0 0-0 9. c3 a6 10. a4 Rb8 11. Qe2 Kh8 12. d4 cxd4 13. cxd4 exd4 14. Qd2 Nxd5 15. Bxd5 Qb6 16. h3 Be6 17. Rfd1 Bxd5 18. exd5 Ne7 19. Nxd4 Rbc8 20. a5 Qc5 21. Ne2 Qc2 22. Bxg7+ Kxg7 23. b4 Qxd2 24. Rxd2 Rc4 25. Rb1 b5 26. g3 Rfc8 27. Rbb2 Re4 28. f3 Re5 29. Kf2 Rxd5 30. Nf4 Rxd2+ 31. Rxd2 Rc6 32. g4 h6 33. Ke3 Kf6 34. h4 g5 35. Nh5+ Ke6 36. hxg5 hxg5 37. Rd4 d5 38. f4 f6 39. Kd3 Rc4 40. fxg5 fxg5 41. Ng7+ Ke5 42. Rxc4 dxc4+ 43. Kc3 Nd5+ 0-1

[Event "Chojnice op-A"]
[Site "Chojnice"]
[Date "2005.07.16"]
[Round "1"]
[White "Czarnik, Jozef"]
[Black "Shishkin, Vadim"]
[Result "0-1"]
[WhiteElo "2070"]
[BlackElo "2507"]
[PlyCount "56"]
[EventDate "2005.07.16"]
[EventType "swiss"]
[EventRounds "9"]
[EventCountry "POL"]
[SourceTitle "CBM 107 Extra"]
[Source "ChessBase"]
[SourceDate "2005.09.01"]
[SourceVersion "1"]
[SourceVersionDate "2005.09.01"]
[SourceQuality "1"]

1. d4 Nf6 2. Nc3 d5 3. Bg5 Nbd7 4. Nf3 g6 5. e3 c6 6. Bd3 Bg7 7. 0-0 0-0 8. Re1 h6 9. Bh4 c5 10. a4 b6 11. e4 dxe4 12. Nxe4 cxd4 13. Nxd4 Bb7 14. c3 Rc8 15. Qe2 g5 16. Bg3 Nxe4 17. Bxe4 Bxe4 18. Qxe4 Nc5 19. Qxe7 Nd3 20. Qxd8 Rfxd8 21. Re2 Bxd4 22. cxd4 Rxd4 23. Rd2 Rxa4 24. Rad1 Nf4 25. h4 gxh4 26. Rd8+ Rxd8 27. Rxd8+ Kg7 28. Bxh4 Ne6 0-1

[Event "Recklinghausen op 13th"]
[Site "Recklinghausen"]
[Date "2002.08.20"]
[Round "3"]
[White "Koscielski, Janusch"]
[Black "Czarnik, Jozef"]
[Result "1/2-1/2"]
[WhiteElo "2287"]
[BlackElo "2059"]
[PlyCount "85"]
[EventDate "2002.08.19"]
[EventType "swiss"]
[EventRounds "9"]
[EventCountry "GER"]
[SourceTitle "CBM 089 Extra"]
[Source "ChessBase"]
[SourceDate "2002.09.10"]
[SourceVersion "2"]
[SourceVersionDate "2002.09.10"]
[SourceQuality "1"]

1. e4 e5 2. Nf3 Nf6 3. Nc3 Bb4 4. Nxe5 0-0 5. Be2 Re8 6. Nd3 Bxc3 7. dxc3 Nxe4 8. Nf4 d6 9. 0-0 Bd7 10. Be3 Nc6 11. Re1 Ne7 12. f3 Nf6 13. Bf2 h6 14. Qd2 g5 15. Nd3 Ng6 16. Bf1 Re6 17. Rad1 Qf8 18. Rxe6 fxe6 19. c4 b6 20. Re1 e5 21. Nb4 Qf7 22. Nd5 Be6 23. Nxf6+ Qxf6 24. Bd3 Rf8 25. b3 Kg7 26. Be4 Nf4 27. Be3 Qf7 28. c3 Kf6 29. Rf1 Kg7 30. Kh1 a5 31. a4 Rd8 32. Qc2 Kf6 33. g3 Ng6 34. f4 Kg7 35. Bxg6 Qxg6 36. f5 Qf7 37. Kg1 Bc8 38. Qc1 Kf6 39. g4 Bb7 40. h4 Rg8 41. hxg5+ hxg5 42. Rf2 Qd7 43. Qf1 1/2-1/2

[Event "Boeblingen op 18th"]
[Site "Boeblingen"]
[Date "2001.12.28"]
[Round "4"]
[White "Kniest, Oliver"]
[Black "Czarnik, Jozef"]
[Result "1-0"]
[WhiteElo "2317"]
[BlackElo "2068"]
[PlyCount "89"]
[EventDate "2001.12.26"]
[EventType "swiss"]
[EventRounds "9"]
[EventCountry "GER"]
[SourceTitle "EXT 2005"]
[Source "ChessBase"]
[SourceDate "2004.11.15"]
[SourceVersion "1"]
[SourceVersionDate "2004.11.15"]
[SourceQuality "1"]

1. d4 d5 2. c4 c6 3. e3 Nf6 4. Nf3 e6 5. Nbd2 Nbd7 6. b3 Bb4 7. Bb2 Ne4 8. a3 Bxd2+ 9. Nxd2 f5 10. Bd3 0-0 11. 0-0 Ndf6 12. f3 Nxd2 13. Qxd2 Qb6 14. Qc2 Bd7 15. Bc3 Qc7 16. Bb4 Rfc8 17. cxd5 cxd5 18. Qxc7 Rxc7 19. Rac1 Rac8 20. Rxc7 Rxc7 21. Kf2 g6 22. Ke2 Kf7 23. Kd2 Ke8 24. Bd6 Rc8 25. Rc1 Rxc1 26. Kxc1 Bc6 27. Kb2 Kd7 28. Bb8 a6 29. Kc3 Kc8 30. Bf4 Nd7 31. Kb4 Kd8 32. Ka5 Ke7 33. Bc7 Nf6 34. a4 Ne8 35. Kb6 Kd7 36. Be5 Nd6 37. Bxd6 Kxd6 38. b4 Bxa4 39. Kxb7 Bb3 40. Bxa6 e5 41. f4 exd4 42. exd4 h6 43. b5 g5 44. g3 Ba4 45. b6 1-0